Aktualizácia a spresňovanie polohopisnej zložky riečnej siete s využitím dát leteckého laserového skenovania

Salvato in:
Dettagli Bibliografici
Autore principale: Belaňová, Róberta (Autore)
Altri autori: Lieskovský, Tibor (Relatore della tesi)
Natura: Manoscritto Libro
Lingua:slovacco
Pubblicazione: 2023
Soggetti:
Accesso online:http://is.stuba.sk/zp/portal_zp.pl?podrobnosti=169176
https://opac.crzp.sk/?fn=detailBiblioForm&sid=C0DEB8E07572332BAC200215805F
Tags: Aggiungi Tag
Nessun Tag, puoi essere il primo ad aggiungerne!!

MARC

LEADER 00000ntm a22000003a 4500
001 stuzp94081
003 SK-STU
005 20230914134633.2
007 ta
008 150427s2015----xo-----f-mn---000-0-slo-d
040 |a STU  |b slo 
041 0 |a slo 
100 1 |a Belaňová, Róberta  |u 010130  |4 aut  |U SvF Stavebná fakulta  |T SvF Katedra globálnej geodézie a geoinformatiky  |X 92868  |U V130  |Y 13  |7 92868 
242 0 1 |a Updating and refining of the positional component of the river network using airborne laser scanning data  |y eng 
245 1 0 |a Aktualizácia a spresňovanie polohopisnej zložky riečnej siete s využitím dát leteckého laserového skenovania 
260 |c 2023 
650 4 |a DMR  |2 slo 
650 4 |a Riečna sieť  |2 slo 
650 4 |a ArcGIS Pro  |2 slo 
650 4 |a LLS  |2 slo 
650 4 |a QGIS  |2 slo 
650 4 |a SAGA GIS  |2 slo 
650 4 |a GRASS  |2 slo 
650 4 |a Raster  |2 slo 
650 4 |a Vektor  |2 slo 
650 4 |a DMR  |2 eng 
650 4 |a River network  |2 eng 
650 4 |a ArcGIS Pro  |2 eng 
650 4 |a LLS  |2 eng 
650 4 |a QGIS  |2 eng 
650 4 |a SAGA GIS  |2 eng 
650 4 |a GRASS  |2 eng 
650 4 |a Raster  |2 eng 
650 4 |a Vector  |2 eng 
700 1 |a Lieskovský, Tibor  |u 010130  |k Z1  |4 ths  |U SvF Stavebná fakulta  |T SvF Katedra globálnej geodézie a geoinformatiky  |X 3805  |U V130  |Y 13  |7 A000003805 
856 4 |u http://is.stuba.sk/zp/portal_zp.pl?podrobnosti=169176 
856 4 |u https://opac.crzp.sk/?fn=detailBiblioForm&sid=C0DEB8E07572332BAC200215805F